000 00703nam a2200241Ia 4500
003 OSt
005 20220928122034.0
006 a|||||r|||| 00| 0
007 ta
008 220927b |||||||| |||| 00| 0 eng d
024 _a25342
037 _cTextual
040 _aSDCL
_cSDCL
_beng
041 _2eng
_aeng
082 _aV1N4:19(zQ)'N9, N7
100 _aReddy E S Ed.
_9455527
245 0 _aDecolonisation,peace and the United Nations.
260 _aNew Delhi
_bSanchar Publishing House
_c1997
300 _axiii;449p
_ccm.
700 _a Damodaran A K Ed.
_9455528
942 _hV1N4:19(zQ)'N9, N7
_cTEXL
_2CC
999 _c769188
_d769188